000 00295nam a2200109Ia 4500
005 20251222114340.0
008 251222s1900||||xx |||||||||||||| ||spa||
082 _aDVD0092/S25B/2006
245 0 _aBasílica del Santo Rosario de Lima.
264 _bChristian Castillejo. Raúl Salas D.
942 _cDVD
999 _c818
_d818